Statistics for African Countries With Most Natural Resources

Click here to take the quiz!

General Stats

  • This quiz has been taken 32 times
    (16 since last reset)
  • The average score is 12 of 15

Answer Stats

Country% Correct
Niger
100%
Nigeria
100%
South Africa
100%
Democratic Republic of the Congo
93%
Egypt
93%
Botswana
86%
Ghana
86%
Zambia
86%
Zimbabwe
86%
Libya
79%
Cameroon
71%
Mozambique
71%
Namibia
71%
Guinea
50%
Equatorial Guinea
43%

Score Distribution

Percentile by Number Answered

Percent of People with Each Score

Your Score History

You have not taken this quiz since the last reset